[Event "Titled Tuesday intern op 18th Mar Late"]
[Site "Chess.com INT"]
[Date "2025.03.18"]
[Round "10"]
[White "Pap, Peter"]
[Black "Fedunov, Danil"]
[Result "0-1"]
[WhiteElo "2174"]
[BlackElo "1917"]
[PlyCount "32"]
[EventDate "2025.03.18"]
[EventType "swiss (blitz)"]
[EventRounds "11"]
[EventCountry "USA"]
[SourceTitle "CB13_2025"]
[SourceDate "2025.03.26"]
[SourceVersion "1"]
[SourceVersionDate "2025.03.26"]
[SourceQuality "1"]

1. e4 e6 2. d4 d5 3. Nc3 Nf6 4. Bg5 Be7 5. e5 Nfd7 6. h4 a6 7. Qg4 Bxg5 8. hxg5 c5 9. g6 f5 10. Rxh7 fxg4 11. Rxh8+ Nf8 12. dxc5 Nc6 13. f4 Bd7 14. 0-0-0 Qe7 15. f5 Qg5+ 16. Kb1 Qxf5 0-1

[Event "Titled Tuesday intern op 18th Mar Late"]
[Site "Chess.com INT"]
[Date "2025.03.18"]
[Round "1"]
[White "Shafer, Logan Clark"]
[Black "Pap, Peter"]
[Result "1-0"]
[WhiteElo "2177"]
[BlackElo "2174"]
[PlyCount "63"]
[EventDate "2025.03.18"]
[EventType "swiss (blitz)"]
[EventRounds "11"]
[EventCountry "USA"]
[SourceTitle "CB13_2025"]
[SourceDate "2025.03.26"]
[SourceVersion "1"]
[SourceVersionDate "2025.03.26"]
[SourceQuality "1"]

1. e4 c6 2. d4 d5 3. e5 Bf5 4. h4 h5 5. Bd3 Bxd3 6. Qxd3 Qa5+ 7. b4 Qa6 8. Qb3 e6 9. Nf3 Ne7 10. a4 Qc4 11. Nbd2 Qxb3 12. Nxb3 Nf5 13. 0-0 Bxb4 14. Ba3 Bxa3 15. Rxa3 Nd7 16. Na5 c5 17. Nxb7 Nxd4 18. Nd6+ Ke7 19. Nxd4 cxd4 20. f4 f6 21. Re1 fxe5 22. fxe5 Nxe5 23. Nf5+ exf5 24. Rxe5+ Kf6 25. Rxd5 Rhd8 26. Ra5 Rac8 27. Rxa7 Rxc2 28. Rd3 Ke5 29. Re7+ Kf4 30. Rf3+ Kg4 31. Rxg7+ Kxh4 32. Rh3# 1-0

[Event "HUN-chT2 Toth 2324"]
[Site "Hungary"]
[Date "2024.02.18"]
[Round "4.1"]
[White "Keresztes, Richard"]
[Black "Pap, Peter"]
[Result "1/2-1/2"]
[WhiteElo "2191"]
[BlackElo "2168"]
[PlyCount "71"]
[EventDate "2023.10.08"]
[EventType "team-tourn"]
[EventRounds "9"]
[EventCountry "HUN"]
[SourceTitle "EXT 2025"]
[Source "ChessBase"]
[SourceDate "2024.10.14"]
[SourceVersion "1"]
[SourceVersionDate "2024.10.14"]
[SourceQuality "1"]
[WhiteTeam "Kecskemet Takisz"]
[BlackTeam "Szeged Maroczy II"]
[WhiteTeamCountry "HUN"]
[BlackTeamCountry "HUN"]

1. d4 d5 2. c4 c6 3. cxd5 cxd5 4. Nc3 Nf6 5. Nf3 Nc6 6. Bf4 a6 7. e3 Bf5 8. Bd3 Bxd3 9. Qxd3 e6 10. 0-0 Bd6 11. Bg5 Be7 12. Rfc1 Nd7 13. Bf4 g5 14. Bg3 h5 15. e4 dxe4 16. Nxe4 g4 17. Nfd2 Nf6 18. Nb3 Qd5 19. Nxf6+ Bxf6 20. Rc5 Qd7 21. Rd1 Rd8 22. d5 exd5 23. Re1+ Kf8 24. Qd2 Qf5 25. Na5 Nxa5 26. Qxa5 Kg7 27. Rd1 h4 28. Bc7 Rd7 29. Rcxd5 Rxd5 30. Qxd5 Qxd5 31. Rxd5 Rc8 32. Rc5 Re8 33. Kf1 Bxb2 34. Rg5+ Kf6 35. Rxg4 h3 36. gxh3 1/2-1/2

[Event "HUN-chT2 Toth 2324"]
[Site "Hungary"]
[Date "2023.12.10"]
[Round "3.1"]
[White "Pap, Peter"]
[Black "Tapodi, Norman Lajos"]
[Result "1/2-1/2"]
[WhiteElo "2168"]
[BlackElo "2093"]
[PlyCount "135"]
[EventDate "2023.10.08"]
[EventType "team-tourn"]
[EventRounds "9"]
[EventCountry "HUN"]
[SourceTitle "EXT 2025"]
[Source "ChessBase"]
[SourceDate "2024.10.14"]
[SourceVersion "1"]
[SourceVersionDate "2024.10.14"]
[SourceQuality "1"]
[WhiteTeam "Szeged Maroczy II"]
[BlackTeam "Meritum Egyesulet"]
[WhiteTeamCountry "HUN"]
[BlackTeamCountry "HUN"]

1. e4 c5 2. Nf3 d6 3. d4 cxd4 4. Nxd4 Nf6 5. Nc3 a6 6. Rg1 e5 7. Nb3 Be6 8. g4 d5 9. exd5 Nxd5 10. Nxd5 Qxd5 11. Qxd5 Bxd5 12. Be3 Nc6 13. 0-0-0 0-0-0 14. Bb6 Rd7 15. g5 Be6 16. Rxd7 Kxd7 17. Bg2 Be7 18. Nc5+ Bxc5 19. Bxc5 h6 20. g6 f6 21. Bb6 Kc8 22. Rd1 Bf5 23. Bd5 Ne7 24. Bf7 Kb8 25. Rg1 h5 26. Bc5 Nc6 27. Rd1 Kc7 28. c3 b6 29. Bd6+ Kb7 30. a4 Rd8 31. Rd2 Be4 32. b4 b5 33. axb5 axb5 34. Bc5 Bd3 35. Ra2 e4 36. c4 Bxc4 37. Bxc4 bxc4 38. b5 Ne5 39. Ra7+ Kb8 40. Bb6 Rd7 41. Rxd7 Nxd7 42. Bd4 Nf8 43. Bxf6 Nxg6 44. Bxg7 Ne7 45. Bd4 Kb7 46. Kb2 Nd5 47. Ka3 Kc8 48. Ka4 Kc7 49. Ka5 Kb7 50. Ka4 Kc7 51. Ka5 Kb7 52. Bb2 c3 53. Bc1 c2 54. Ka4 Kb6 55. Kb3 Kxb5 56. Kxc2 Kc5 57. Kd2 Kd6 58. Ke2 Ke5 59. h4 Kf5 60. f3 Nc3+ 61. Ke3 exf3 62. Kxf3 Ne4 63. Kg2 Kg4 64. Bg5 Nxg5 65. hxg5 Kxg5 66. Kg3 h4+ 67. Kh2 h3 68. Kxh3 1/2-1/2

[Event "HUN-chT2 Toth 2223"]
[Site "Hungary"]
[Date "2022.10.16"]
[Round "1.2"]
[White "Kemeny, Csaba"]
[Black "Pap, Peter"]
[Result "1/2-1/2"]
[WhiteElo "2053"]
[BlackElo "2159"]
[PlyCount "74"]
[EventDate "2022.10.16"]
[EventType "team-tourn"]
[EventRounds "11"]
[EventCountry "HUN"]
[SourceTitle "EXT 2025"]
[Source "ChessBase"]
[SourceDate "2024.10.14"]
[SourceVersion "1"]
[SourceVersionDate "2024.10.14"]
[SourceQuality "1"]
[WhiteTeam "Felegyhaza Csongrad"]
[BlackTeam "Maroczy II"]
[WhiteTeamCountry "HUN"]
[BlackTeamCountry "HUN"]

1. d4 d5 2. f4 c5 3. e3 Bf5 4. c3 e6 5. Nf3 Nc6 6. Bd3 Nf6 7. Qc2 Bxd3 8. Qxd3 Ne4 9. Nbd2 f5 10. 0-0 Be7 11. Ne5 Nxe5 12. fxe5 0-0 13. Nxe4 fxe4 14. Rxf8+ Qxf8 15. Qe2 Qe8 16. Bd2 a6 17. Rf1 Qg6 18. c4 Rf8 19. Rxf8+ Bxf8 20. Be1 Be7 21. Bf2 cxd4 22. exd4 Bg5 23. cxd5 exd5 24. Be3 Qh6 25. Bxg5 Qxg5 26. Qc2 h6 27. Qc3 Kh7 28. g3 h5 29. Kf2 Qf5+ 30. Kg2 Qg4 31. Qe3 Qd1 32. Qf4 Kg8 33. Qf5 Qe2+ 34. Kg1 Qe1+ 35. Kg2 Qe2+ 36. Kg1 Qe1+ 37. Kg2 Qe2+ 1/2-1/2

[Event "HUN-ch Rapid"]
[Site "Ajka"]
[Date "2022.07.16"]
[Round "9"]
[White "Pap, Peter"]
[Black "Benedek, Istvan1"]
[Result "1-0"]
[WhiteElo "2159"]
[BlackElo "2059"]
[PlyCount "61"]
[EventDate "2022.07.15"]
[EventType "swiss (rapid)"]
[EventRounds "13"]
[EventCountry "HUN"]
[SourceTitle "CBM 209 Extra"]
[Source "ChessBase"]
[SourceDate "2022.09.30"]
[SourceVersion "1"]
[SourceVersionDate "2022.09.30"]
[SourceQuality "1"]

1. e4 c5 2. Nf3 a6 3. c4 Nc6 4. d4 cxd4 5. Nxd4 e5 6. Nc2 Bc5 7. Be3 Qb6 8. Nc3 Bxe3 9. Nxe3 Nf6 10. Ned5 Qa5 11. Nxf6+ gxf6 12. Qd6 Qb4 13. Qxf6 Rg8 14. 0-0-0 b5 15. Nd5 Qa5 16. Kb1 Rb8 17. Be2 Kf8 18. Qh6+ Rg7 19. Qd6+ Ke8 20. Nf6+ Kd8 21. Qxc6 Rb7 22. Qd6 Rg6 23. Qxe5 Rb6 24. Nd5 Rbe6 25. Qh8+ Re8 26. Qxh7 bxc4 27. Qxf7 Rge6 28. Bxc4 Bb7 29. Nb6 Bxe4+ 30. Ka1 R6e7 31. Rxd7+ 1-0

[Event "HUN-ch Rapid"]
[Site "Ajka"]
[Date "2021.07.18"]
[Round "11"]
[White "Csonka, Balazs"]
[Black "Pap, Peter"]
[Result "1-0"]
[WhiteElo "2498"]
[BlackElo "2120"]
[PlyCount "43"]
[EventDate "2021.07.16"]
[EventType "swiss (rapid)"]
[EventRounds "13"]
[EventCountry "HUN"]
[SourceTitle "CBM 203 Extra"]
[Source "ChessBase"]
[SourceDate "2021.09.30"]
[SourceVersion "1"]
[SourceVersionDate "2021.09.30"]
[SourceQuality "1"]

1. d4 d5 2. c4 c6 3. Nc3 Nf6 4. Nf3 e6 5. g3 dxc4 6. Bg2 b5 7. Ne5 Nd5 8. e4 Nxc3 9. bxc3 Bb7 10. Qh5 g6 11. Nxg6 hxg6 12. Qxh8 Nd7 13. 0-0 Qa5 14. Bd2 0-0-0 15. Qh7 c5 16. Qxf7 cxd4 17. Bg5 dxc3 18. Bh3 Bxe4 19. Qxe6 Bd3 20. Bxd8 Qxd8 21. Qc6+ Kb8 22. Bxd7 1-0

[Event "HUN-chT2 Maroczy 1516"]
[Site "Hungary"]
[Date "2015.12.06"]
[Round "4.8"]
[White "Medve, Mark"]
[Black "Pap, Peter"]
[Result "0-1"]
[WhiteElo "2054"]
[BlackElo "2085"]
[PlyCount "98"]
[EventDate "2015.10.18"]
[EventType "team-tourn"]
[EventRounds "9"]
[EventCountry "HUN"]
[SourceTitle "CBM 170 Extra"]
[Source "ChessBase"]
[SourceDate "2016.02.25"]
[SourceVersion "1"]
[SourceVersionDate "2016.02.25"]
[SourceQuality "1"]
[WhiteTeam "Penzugyor"]
[BlackTeam "Maroczy"]
[WhiteTeamCountry "HUN"]
[BlackTeamCountry "HUN"]

1. d4 d6 2. e4 Nf6 3. f3 e5 4. Ne2 Nbd7 5. c4 exd4 6. Nxd4 Nc5 7. Nc3 Be6 8. Be3 Be7 9. Be2 Qd7 10. 0-0 a5 11. b3 0-0 12. Rc1 Rfe8 13. Qd2 c6 14. Rfd1 Rad8 15. g4 Kh8 16. g5 Ng8 17. f4 Bg4 18. f5 Bxe2 19. Ndxe2 d5 20. cxd5 cxd5 21. Qxd5 Qxd5 22. Rxd5 Nxe4 23. Rxd8 Bxd8 24. Nxe4 Rxe4 25. Kf2 Re5 26. Rc5 Rxc5 27. Bxc5 Bxg5 28. Kf3 Nf6 29. Bb6 Bd2 30. Bd8 Nd7 31. Ke4 Kg8 32. Kd5 Kf8 33. Nd4 Ke8 34. Bh4 Bf4 35. h3 Nb6+ 36. Kc5 Nc8 37. Kb5 Bc7 38. Be1 Nd6+ 39. Ka4 Bb6 40. Nb5 Nxf5 41. Bxa5 Bg1 42. Be1 Kd7 43. Kb4 Kc6 44. a4 Ne3 45. Bd2 Nd5+ 46. Kc4 g6 47. b4 f5 48. Nd4+ Kd6 49. b5 Nb6+ 0-1

[Event "HUN-chT2 Maroczy 1415"]
[Site "Hungary"]
[Date "2014.12.14"]
[Round "4"]
[White "Pap, Peter"]
[Black "Vanczak, Tamas"]
[Result "1/2-1/2"]
[WhiteElo "2100"]
[BlackElo "1839"]
[PlyCount "156"]
[EventDate "2014.10.12"]
[EventType "team-tourn"]
[EventRounds "9"]
[EventCountry "HUN"]
[SourceTitle "EXT 2016"]
[Source "ChessBase"]
[SourceDate "2015.10.08"]
[SourceVersion "1"]
[SourceVersionDate "2015.10.08"]
[SourceQuality "1"]
[WhiteTeam "Maroczy"]
[BlackTeam "Miskolc KisBocsok"]
[WhiteTeamCountry "HUN"]
[BlackTeamCountry "HUN"]

1. e4 c5 2. Nf3 d6 3. c3 Nf6 4. Bd3 e6 5. Bc2 Qc7 6. d4 Nbd7 7. h3 b6 8. Bf4 Bb7 9. Nbd2 Rc8 10. Rc1 Be7 11. 0-0 0-0 12. Qe2 e5 13. dxe5 dxe5 14. Bh2 c4 15. b3 b5 16. Nd4 a6 17. bxc4 bxc4 18. Nf5 Rfe8 19. Rb1 Ba8 20. Ba4 Bc6 21. Qxc4 Bxa4 22. Qxa4 Qxc3 23. Qxa6 Bb4 24. Nf3 Bf8 25. Rfd1 Nc5 26. Nh6+ gxh6 27. Qxf6 Bg7 28. Qf5 Qc4 29. Nxe5 Bxe5 30. Bxe5 Qxe4 31. Qxe4 Nxe4 32. Bd4 Nc3 33. Bxc3 Rxc3 34. Rb4 Rc2 35. a4 Ra2 36. Rf4 Kf8 37. Rd6 Kg7 38. g3 Re6 39. Rxe6 fxe6 40. Kg2 Ra3 41. h4 h5 42. Rb4 Kf6 43. f4 Kg6 44. Re4 Kf6 45. Kh3 Ra2 46. Re5 Rxa4 47. Rxh5 Kg6 48. Kg4 h6 49. Re5 Ra6 50. Rb5 Rd6 51. h5+ Kf6 52. Rb7 e5 53. Rh7 Rd4 54. Rxh6+ Kf7 55. Ra6 exf4 56. gxf4 Rd1 57. h6 Rh1 58. Kg5 Rg1+ 59. Kf5 Rh1 60. Ra7+ Kg8 61. Kg6 Rg1+ 62. Kf6 Rh1 63. Ra8+ Kh7 64. f5 Rxh6+ 65. Kf7 Rb6 66. Re8 Rb7+ 67. Re7 Rb8 68. f6 Ra8 69. Rb7 Rc8 70. Ke6+ Kg8 71. Ke7 Ra8 72. Rd7 Rb8 73. Ke6 Kf8 74. Rf7+ Ke8 75. Rh7 Rb6+ 76. Kf5 Rb1 77. Rh6 Kf7 78. Rh7+ Kf8 1/2-1/2

[Event "HUN-chT2 Maroczy 1213"]
[Site "Hungary"]
[Date "2013.04.07"]
[Round "10"]
[White "Halak, Miklos"]
[Black "Pap, Peter"]
[Result "1/2-1/2"]
[WhiteElo "2126"]
[BlackElo "2105"]
[PlyCount "137"]
[EventDate "2012.09.16"]
[EventType "team-tourn"]
[EventRounds "11"]
[EventCountry "HUN"]
[SourceTitle "EXT 2014"]
[Source "ChessBase"]
[SourceDate "2013.11.20"]
[SourceVersion "1"]
[SourceVersionDate "2013.11.20"]
[SourceQuality "1"]
[WhiteTeam "Hobagoly"]
[BlackTeam "Maroczy"]
[WhiteTeamCountry "HUN"]
[BlackTeamCountry "HUN"]

1. e4 c5 2. c3 Nf6 3. e5 Nd5 4. Nf3 e6 5. Bc4 Nb6 6. Bb3 d6 7. 0-0 Nc6 8. exd6 Qxd6 9. d4 cxd4 10. cxd4 Be7 11. Nc3 Nd5 12. Re1 0-0 13. a3 Rd8 14. Nxd5 exd5 15. Ne5 Nxe5 16. Rxe5 Be6 17. Qd3 Bf6 18. Bc2 Bxe5 19. Qxh7+ Kf8 20. dxe5 Qxe5 21. Bd2 a5 22. Re1 Qf6 23. h4 Qxb2 24. Bg5 f6 25. Rxe6 fxg5 26. Bg6 Qc1+ 27. Kh2 Qf4+ 28. g3 Qxf2+ 29. Kh3 Qf1+ 30. Kg4 Qd1+ 31. Kxg5 Qc1+ 32. Kg4 Qh6 33. Rf6+ Ke7 34. Rf7+ Ke6 35. Rxb7 Qxh7 36. Bxh7 Kf6 37. Kf4 Rac8 38. Rb6+ Kf7 39. Rb7+ Kf8 40. Rb5 Rc4+ 41. Ke5 d4 42. Bd3 Rc3 43. Ke4 Rxa3 44. Rf5+ Ke7 45. Re5+ Kf6 46. g4 Rd7 47. h5 Ra1 48. g5+ Kf7 49. Bc4+ Kf8 50. Rf5+ Ke7 51. h6 gxh6 52. gxh6 Rh1 53. Re5+ Kd8 54. Rxa5 Rxh6 55. Ra8+ Ke7 56. Bb5 Rh4+ 57. Kd3 Rc7 58. Re8+ Kf7 59. Re4 Rxe4 60. Kxe4 Rb7 61. Bc4+ Ke7 62. Kxd4 Kd6 63. Bf1 Rb4+ 64. Kd3 Kc5 65. Be2 Rb3+ 66. Ke4 Rb8 67. Bh5 Rb7 68. Be2 Re7+ 69. Kd3 1/2-1/2

[Event "HUN-chT2 Maroczy 1213"]
[Site "Hungary"]
[Date "2013.01.27"]
[Round "6"]
[White "Pap, Peter"]
[Black "Egri, Laszlo Jr"]
[Result "1/2-1/2"]
[WhiteElo "2105"]
[BlackElo "2127"]
[PlyCount "57"]
[EventDate "2012.09.16"]
[EventType "team-tourn"]
[EventRounds "11"]
[EventCountry "HUN"]
[SourceTitle "EXT 2014"]
[Source "ChessBase"]
[SourceDate "2013.11.20"]
[SourceVersion "1"]
[SourceVersionDate "2013.11.20"]
[SourceQuality "1"]
[WhiteTeam "Maroczy"]
[BlackTeam "Kisujszallas"]
[WhiteTeamCountry "HUN"]
[BlackTeamCountry "HUN"]

1. c4 e5 2. Nc3 Nc6 3. g3 g6 4. Bg2 Bg7 5. e3 d6 6. Nge2 Be6 7. d3 Nge7 8. 0-0 Qd7 9. Nd5 0-0 10. Rb1 Nc8 11. b4 Nd8 12. b5 c6 13. bxc6 bxc6 14. Ndc3 Ne7 15. Ba3 Rc8 16. Qa4 f5 17. Rb3 g5 18. f4 gxf4 19. gxf4 Ng6 20. d4 exf4 21. exf4 Re8 22. Rf2 Bf7 23. Qb4 c5 24. dxc5 dxc5 25. Qb5 Qxb5 26. Rxb5 Bxc4 27. Rxc5 Rxc5 28. Bxc5 a6 29. Bd5+ 1/2-1/2

[Event "HUN-chT2 Maroczy 1213"]
[Site "Hungary"]
[Date "2012.12.02"]
[Round "5"]
[White "Pap, Peter"]
[Black "Csuri, Laszlo"]
[Result "0-1"]
[WhiteElo "2105"]
[BlackElo "2030"]
[PlyCount "79"]
[EventDate "2012.09.16"]
[EventType "team-tourn"]
[EventRounds "11"]
[EventCountry "HUN"]
[SourceTitle "EXT 2014"]
[Source "ChessBase"]
[SourceDate "2013.11.20"]
[SourceVersion "1"]
[SourceVersionDate "2013.11.20"]
[SourceQuality "1"]
[WhiteTeam "Maroczy"]
[BlackTeam "Roeszke"]
[WhiteTeamCountry "HUN"]
[BlackTeamCountry "HUN"]

1. e4 e6 2. d4 d5 3. Nc3 Nf6 4. Bg5 dxe4 5. Nxe4 Nbd7 6. Nf3 Be7 7. Ned2 h6 8. Bh4 0-0 9. Be2 b6 10. Ne5 Bb7 11. Bf3 Bxf3 12. Qxf3 Nxe5 13. dxe5 Nd5 14. Bxe7 Qxe7 15. 0-0-0 b5 16. h4 f6 17. exf6 Rxf6 18. Qe2 Raf8 19. Ne4 Rf4 20. g3 R4f5 21. f4 b4 22. Rhe1 c6 23. Qc4 Nb6 24. Qxc6 Rc8 25. Qd6 Qe8 26. Qxb4 Rb5 27. Qd4 Rd5 28. Qf2 Qa4 29. Rxd5 Nxd5 30. a3 Rc6 31. c3 Qb3 32. Qc2 Qb6 33. Kb1 Ne3 34. Qf2 Nc4 35. Qxb6 Rxb6 36. Re2 Nxa3+ 37. Ka2 Nb5 38. Nc5 Kf7 39. Re3 Nd6 40. b3 0-1

[Event "HUN-chT2 Maroczy 1213"]
[Site "Hungary"]
[Date "2012.11.04"]
[Round "3"]
[White "Pap, Peter"]
[Black "Kaposztas, Miklos"]
[Result "1-0"]
[WhiteElo "2105"]
[BlackElo "2149"]
[PlyCount "83"]
[EventDate "2012.09.16"]
[EventType "team-tourn"]
[EventRounds "11"]
[EventCountry "HUN"]
[SourceTitle "EXT 2014"]
[Source "ChessBase"]
[SourceDate "2013.11.20"]
[SourceVersion "1"]
[SourceVersionDate "2013.11.20"]
[SourceQuality "1"]
[WhiteTeam "Maroczy"]
[BlackTeam "Vasas"]
[WhiteTeamCountry "HUN"]
[BlackTeamCountry "HUN"]

1. e4 c5 2. Nf3 g6 3. d4 Bg7 4. dxc5 Qa5+ 5. Nc3 Nf6 6. e5 Ne4 7. Qd4 Nxc3 8. Bd2 Nb5 9. Qh4 Qc7 10. Bxb5 Nc6 11. 0-0-0 0-0 12. Bh6 Nxe5 13. Bxg7 Kxg7 14. Qxe7 Nxf3 15. gxf3 b6 16. c6 Qf4+ 17. Kb1 dxc6 18. Bxc6 Rb8 19. Qxa7 Bh3 20. Qa4 Qxa4 21. Bxa4 Bg2 22. Rhe1 Bxf3 23. Rd7 b5 24. Bb3 Rb6 25. a3 Rf6 26. c4 Bg4 27. Rd2 Rf3 28. Bd1 Bf5+ 29. Ka2 Rf4 30. cxb5 Rb8 31. a4 Be6+ 32. Ka3 h5 33. Re5 Kf6 34. Rc5 Bc4 35. b3 Bf1 36. Rc6+ Kg7 37. b6 Bg2 38. f3 Bxf3 39. Bxf3 Rxf3 40. a5 Rf5 41. Ka4 Ra8 42. b4 1-0

[Event "HUN-chT2 Maroczy 1011"]
[Site "Hungary"]
[Date "2010.11.07"]
[Round "5"]
[White "Pap, Peter"]
[Black "Kelemen, Imre"]
[Result "1-0"]
[WhiteElo "2128"]
[BlackElo "2132"]
[PlyCount "93"]
[EventDate "2010.09.12"]
[EventType "team-tourn"]
[EventRounds "11"]
[EventCountry "HUN"]
[SourceTitle "EXT 2012"]
[Source "ChessBase"]
[SourceDate "2011.11.24"]
[SourceVersion "1"]
[SourceVersionDate "2011.11.24"]
[SourceQuality "1"]
[WhiteTeam "Maroczy"]
[BlackTeam "Debrecen SBE"]
[WhiteTeamCountry "HUN"]
[BlackTeamCountry "HUN"]

1. e4 c5 2. Nf3 Nc6 3. d4 cxd4 4. Nxd4 g6 5. c4 Bg7 6. Be3 Nf6 7. Nc3 Ng4 8. Qxg4 Nxd4 9. Qd1 e5 10. Be2 0-0 11. 0-0 a6 12. Qd2 d6 13. Rfd1 Be6 14. Bf1 f5 15. Bxd4 exd4 16. Ne2 fxe4 17. Nxd4 Bg4 18. Be2 Bxd4 19. Bxg4 Bxf2+ 20. Kh1 e3 21. Qxd6 Qxd6 22. Rxd6 Rad8 23. Rxd8 Rxd8 24. Rd1 Rxd1+ 25. Bxd1 Kf7 26. g3 Kf6 27. Kg2 Ke5 28. Kf3 Kd4 29. b3 Kd3 30. Be2+ Kd2 31. b4 h5 32. a4 g5 33. Bf1 g4+ 34. Kf4 e2 35. Bxe2 Kxe2 36. Kg5 Bxg3 37. hxg3 Kf3 38. Kh4 Ke4 39. Kxh5 Kd4 40. Kxg4 Kxc4 41. Kf3 Kxb4 42. g4 Kxa4 43. g5 b5 44. g6 b4 45. g7 b3 46. g8Q Ka3 47. Qa8 1-0

[Event "HUN-chT2 Maroczy 1011"]
[Site "Hungary"]
[Date "2010.10.10"]
[Round "3"]
[White "Pap, Peter"]
[Black "Mozer, Sandor"]
[Result "1-0"]
[WhiteElo "2128"]
[BlackElo "2010"]
[PlyCount "43"]
[EventDate "2010.09.12"]
[EventType "team-tourn"]
[EventRounds "11"]
[EventCountry "HUN"]
[SourceTitle "EXT 2012"]
[Source "ChessBase"]
[SourceDate "2011.11.24"]
[SourceVersion "1"]
[SourceVersionDate "2011.11.24"]
[SourceQuality "1"]
[WhiteTeam "Maroczy"]
[BlackTeam "Nyiregyhaza"]
[WhiteTeamCountry "HUN"]
[BlackTeamCountry "HUN"]

1. c4 e6 2. g3 d5 3. Nf3 Nf6 4. d4 c6 5. Bg2 Be7 6. 0-0 0-0 7. Qc2 Nbd7 8. Nbd2 b6 9. e4 dxe4 10. Nxe4 Bb7 11. Rd1 Qc8 12. Nc3 c5 13. d5 exd5 14. cxd5 Rd8 15. Bf4 a6 16. Ne5 Nxe5 17. Bxe5 Ne8 18. Be4 g6 19. Na4 Bxd5 20. Bxd5 Rxd5 21. Rxd5 Qe6 22. Rad1 1-0

[Event "HUN-chT2 Maroczy 0910"]
[Site "Hungary"]
[Date "2010.02.14"]
[Round "6"]
[White "Pap, Peter"]
[Black "Kral, Peter"]
[Result "1/2-1/2"]
[WhiteElo "2125"]
[BlackElo "2238"]
[PlyCount "40"]
[EventDate "2009.11.08"]
[EventType "team-tourn"]
[EventRounds "11"]
[EventCountry "HUN"]
[SourceTitle "EXT 2011"]
[Source "ChessBase"]
[SourceDate "2010.11.26"]
[SourceVersion "1"]
[SourceVersionDate "2010.11.26"]
[SourceQuality "1"]
[WhiteTeam "Maroczy"]
[BlackTeam "Nyiregyhaza"]
[WhiteTeamCountry "HUN"]
[BlackTeamCountry "HUN"]

1. e4 c6 2. d4 d5 3. e5 Bf5 4. Nd2 e6 5. Nb3 c5 6. dxc5 Bxc5 7. Nxc5 Qa5+ 8. c3 Qxc5 9. Be3 Qc7 10. f4 Ne7 11. Bb5+ Nd7 12. Qa4 Nc6 13. Qa3 Be4 14. Ne2 f5 15. 0-0 Kf7 16. Rac1 Nb6 17. Qc5 Nd7 18. Qa3 Nb6 19. Qc5 Nd7 20. Qa3 Nb6 1/2-1/2